Encyclopaedia of all Indological publications published in India and other countries relating to ancient Indian Learning (Record no. 946231)

MARC details
000 -LEADER
fixed length control field 00668nam a2200229Ia 4500
003 - CONTROL NUMBER IDENTIFIER
control field OSt
005 - DATE AND TIME OF LATEST TRANSACTION
control field 20221005040018.0
008 - FIXED-LENGTH DATA ELEMENTS--GENERAL INFORMATION
fixed length control field 221004b |||||||| |||| 00| 0 eng d
037 ## - SOURCE OF ACQUISITION
Terms of availability Textual
040 ## - CATALOGING SOURCE
Original cataloging agency CRL
Transcribing agency CRL
Language of cataloging eng
041 ## - LANGUAGE CODE
Source of code eng
Language code of text/sound track or separate title eng
245 #0 - TITLE STATEMENT
Title Encyclopaedia of all Indological publications published in India and other countries relating to ancient Indian Learning
260 ## - PUBLICATION, DISTRIBUTION, ETC.
Place of publication, distribution, etc. Delhi
Name of publisher, distributor, etc. Meharchand Lachhman Das
Date of publication, distribution, etc. 1962
300 ## - PHYSICAL DESCRIPTION
Extent 385+39p
Dimensions cm.
650 ## - SUBJECT ADDED ENTRY--TOPICAL TERM
Topical term or geographic name entry element BIBLIOGRAPHY
942 ## - ADDED ENTRY ELEMENTS (KOHA)
Classification part a14:315, K2
Koha item type Textual
Source of classification or shelving scheme
Holdings
Withdrawn status Lost status Damaged status Not for loan Home library Current library Date acquired Total Checkouts Full call number Barcode Date last seen Price effective from Koha item type
        Central Library Central Library 2022-10-05   a14:315 K2 CL0926721 2022-10-05 2022-10-05 Textual
Copyright @ Delhi University Library System